Statistiques concernant Chanteurs français par noms de famille #2

Cliquez ici pour prendre le quiz!

Statistiques générales

  • Ce quiz a été pris 140 fois
  • Le résultat moyen est 12 sur 15

Statistiques - réponses

Nom de familleChanteurs% Correct
AznavourCharles
98%
PolnareffMichel
98%
BruelPatrick
98%
SegaraHélène
94%
SansonVéronique
91%
MitchellEddie
90%
KaasPatricia
81%
MontandYves
80%
VartanSylvie
79%
BadiChimène
75%
HardyFrancoise
75%
LeroyNolwenn
67%
FarahKenza
50%
LunaSheryfa
42%
MatadorJessy
33%

Distribution des résultats

Percentile par nombre de réponses

% des personnes avec chaque résultat

Votre développement - résultats

Vous n’avez pas pris ce quiz